000 00729nam a2200289Ia 4500
005 20260324112252.0
008 008 260324s9999 xx 000 0 eng d
020 _a9781003492856
037 _aEBOOK
040 _aCRL
040 _beng
040 _cCRL
041 _2eng
041 _aeng
084 _qCRL
100 _aPeter Thoegersen
_91141986
245 0 _aMaqam Melodies
245 0 _bPitches, Patterns, and Developments of Music in the Middle East and other Microtonal Writings
260 _bTaylor and Francis
260 _c2024
365 _a
365 _b130
856 _uhttp://www.taylorfrancis.com/books/9781003492856
942 _cEBOOK
999 _c1731134
_d1731134